|
|
|
|
| LEADER |
00000cam a2200000 7i4500 |
| 001 |
0000027468 |
| 005 |
20170324.0 |
| 008 |
170317 my eng |
| 040 |
|
|
|a INS
|b eng
|c INS
|e rda
|
| 090 |
0 |
0 |
|a S340
|
| 110 |
1 |
|
|a Learning from the world leaders
|k 2016
|c Pullman, Putrajaya
|
| 245 |
1 |
0 |
|a [ Papers presented at Learning from the world leaders held at Pullman, Putrajaya on 23 - 24 May 2016 ]
|
| 264 |
|
0 |
|c 2016
|
| 300 |
|
|
|a 1 volume ( Various paging ) :
|b illustration ;
|c 30 cm.
|
| 336 |
|
|
|a text
|2 rdacontent
|
| 337 |
|
|
|a unmediated
|2 rdamedia
|
| 338 |
|
|
|a volume
|2 rdacarrier
|
| 500 |
|
|
|a Organised by Elite Essential
|
| 500 |
|
|
|a Unpublished
|
| 650 |
|
0 |
|a Leadership
|
| 999 |
|
|
|a S000000924
|b BOOK
|c Seminar
|e Default branch
|